Tilastot visalle Intian naapurimaat

Klikkaa tästä pelataksesi tätä visaa!

Yleistilastot

  • Tätä visaa on pelattu 1 175 kertaa
  • Keskiarvotulos 5 / 6

Vastaustilastot

Rajan pituusCountry% Oikein
3 380 kmKiina
95%
2 912 kmPakistan
95%
1 690 kmNepal
93%
4 053 kmBangladesh
86%
1 463 kmMyanmar
80%
605 kmBhutan
79%

Tulosjakauma

Persentiili vastausten määrän mukaan

Jokaisen tuloksen saaneiden osuus

Tuloshistoriasi

Et ole pelannut tätä visaa